| 000 | 00694nam a2200181 i 4500 | ||
|---|---|---|---|
| 001 | 32064 | ||
| 003 | ES-MaACL | ||
| 005 | 20230909063114.0 | ||
| 007 | t| | ||
| 008 | 030211s1888 sp ||||1| spa d | ||
| 100 | 1 |
_aArrieta, Emilio, _d1821-1894 _9224497 |
|
| 245 | 1 | 0 |
_aDiscurso leído en la solemne distribución de premios correspondiente al curso escolar de 1887 á 1888 en la Escuela de Música y Declamación el día 25 de noviembre de 1888 / _cpor Emilio Arrieta. |
| 260 |
_aMadrid : _b[s.n.], _c1888 ( _fImp. de J.M. Ducazcal) |
||
| 300 |
_a29 p. ; _c22 cm. |
||
| 710 | 2 |
_aEscuela de Música y Declamación. _93555 |
|
| 852 |
_aES-MaACL _jT-529-F-3 |
||
| 999 |
_c32064 _d32064 |
||